Online
Catalog

Sistemas de control de calidad / (Record no. 22512)

MARC details
000 -CABECERA
campo de control de longitud fija 00890nam a2200229 a 4500
001 - NÚMERO DE CONTROL
campo de control 000023015
005 - FECHA Y HORA DE LA ÚLTIMA TRANSACCIÓN
campo de control 20250626131117.0
008 - DATOS DE LONGITUD FIJA--INFORMACIÓN GENERAL
campo de control de longitud fija 101124s1971 mx r 000 0 spa d
040 ## - FUENTE DE LA CATALOGACIÓN
Centro catalogador/agencia de origen DO-SdBNP
Lengua de catalogación spa
Centro/agencia transcriptor BNPHU
082 ## - NÚMERO DE LA CLASIFICACIÓN DECIMAL DEWEY
Número de clasificación 519.86
Número de documento/Ítem F421s
049 ## - FONDOS LOCALES (OCLC)
Fondos de biblioteca BNGR
100 1# - ENTRADA PRINCIPAL--NOMBRE DE PERSONA
Nombre de persona Fetter, Robert B.
9 (RLIN) 47348
240 14 - TÍTULO UNIFORME
Título uniforme The Quality Control System.
Lenguaje de la obra Español.
245 10 - MENCIÓN DE TÍTULO
Título Sistemas de control de calidad /
Mención de responsabilidad, etc. Robert B. Fetter ; editada por Richard D. Irwin ; traducción de Juan J. Thomas.
260 ## - PUBLICACIÓN, DISTRIBUCIÓN, ETC.
Lugar de publicación, distribución, etc. México :
Nombre del editor, distribuidor, etc. Centro reginal de ayuda técnica ;
-- Agencia para el desarrollo internacional (A.I.D),
Fecha de publicación, distribución, etc. 1971.
300 ## - DESCRIPCIÓN FÍSICA
Extensión 187 p. ;
Dimensiones 20 cm.
534 ## - NOTA SOBRE LA VERSIÓN ORIGINAL
Frase introductoria Título original de la obra en inglés:
Mención de título del original The Quality Control System.
650 #4 - PUNTO DE ACCESO ADICIONAL DE MATERIA--TÉRMINO DE MATERIA
Término de materia o nombre geográfico como elemento de entrada Control de calidad
9 (RLIN) 20593
650 #0 - PUNTO DE ACCESO ADICIONAL DE MATERIA--TÉRMINO DE MATERIA
Término de materia o nombre geográfico como elemento de entrada Estadística matemática
9 (RLIN) 20984
700 1# - PUNTO DE ACCESO ADICIONAL--NOMBRE DE PERSONA
Nombre de persona Irwin, Richard D.,
9 (RLIN) 47349
700 1# - PUNTO DE ACCESO ADICIONAL--NOMBRE DE PERSONA
Nombre de persona Thomas, Juan J.,
Término indicativo de función/relación tr.
9 (RLIN) 47350
Holdings
Estado de retiro Estado de pérdida Restricciones de uso No para préstamo Código de colección Localización permanente Ubicación/localización actual Ubicación en estantería Fecha de adquisición Número de inventario Total de préstamos Signatura topográfica completa Código de barras Fecha visto por última vez Precio válido a partir de Tipo de ítem Koha
    Préstamo interno   Monografías: Libros y Folletos General General En catalogación 24.11.2010 LF1   519.86 F421s 23015-10 25.06.2020 25.06.2020 Préstamo interno

Powered by Koha